Podmínky pro uplatňování age managementu

Porovnanie vstupných podmienok, ktoré pre uplatňovanie stratégií age manažmentu existujú vo Fínsku a v Českej republike.

Gespeichert in:
Bibliographische Detailangaben
1. Verfasser: Rabušicová, Milada
Format: Buchkapitel
Sprache:Tschechisch
Schlagworte:
Tags: Tag hinzufügen
Keine Tags, Fügen Sie das erste Tag hinzu!

MARC

LEADER 00000naa a2200000 4500
001 0146015
005 20231019115616.1
041 0 |a cze 
044 |a CZ 
245 1 0 |a Podmínky pro uplatňování age managementu  |c Milada Rabušicová 
520 |a Porovnanie vstupných podmienok, ktoré pre uplatňovanie stratégií age manažmentu existujú vo Fínsku a v Českej republike. 
610 2 0 |a trh práce 
610 2 0 |a skupiny vekové 
610 2 0 |a seniori 
610 2 0 |a Česko 
610 2 0 |a Fínsko 
100 1 |a Rabušicová, Milada